| Tag |
First Indicator |
Second Indicator |
Subfields |
| LEADER |
00000cam a2200000 4500 |
| 001 |
in00000041479 |
| 005 |
20151007074551.0 |
| 008 |
770831s1940 njua 00010 eng |
| 010 |
|
|
|a 40013647
|
| 035 |
|
|
|a (OCoLC)03232370
|
| 035 |
|
|
|9 AAF1728AM
|
| 040 |
|
|
|a DLC
|c OCP
|d TXA
|d UtOrBLW
|
| 049 |
|
|
|a TXAM
|c [375054]
|
| 050 |
|
0 |
|a TJ795
|b .R556
|
| 082 |
0 |
|
|a 621.436
|
| 092 |
|
|
|a 621.436
|b R789dm
|
| 100 |
1 |
|
|a Rosbloom, Julius,
|d 1877-1950.
|
| 245 |
1 |
0 |
|a Diesel monitor ... /
|c by Julius Rosbloom ... For engineering instruction on stationary, marine, locomotive, automotive, aero, tractors and portable installations and preparation for engineers licenses. A complete course on Diesel engineering for students. Throughout in the form of questions and answers ...
|
| 264 |
|
1 |
|a Jersey City, N.J. :
|b Diesel engineering institute,
|c [1940]
|
| 264 |
|
4 |
|c [©1940]
|
| 300 |
|
|
|a 528 pages :
|b illustrations, diagrams ;
|c 20 cm.
|
| 336 |
|
|
|a text
|b txt
|2 rdacontent
|
| 337 |
|
|
|a unmediated
|b n
|2 rdamedia
|
| 338 |
|
|
|a volume
|b nc
|2 rdacarrier
|
| 500 |
|
|
|a "First print--Five thousand."
|
| 500 |
|
|
|a Page 528, advertising matter.
|
| 650 |
|
0 |
|a Diesel motor.
|
| 999 |
|
|
|a MARS
|
| 999 |
f |
f |
|s fb5d7238-49ac-30b8-87d5-af41051c654e
|i db526ede-4568-3890-8a6c-75dd6949b617
|t 0
|
| 952 |
f |
f |
|p ric
|a Texas A&M University
|b Rellis Campus
|c Joint Library Facility
|d Remote Storage
|t 0
|e TJ795 .R556
|h Library of Congress classification
|i unmediated -- volume
|m A14801040660
|
| 998 |
f |
f |
|a TJ795 .R556
|t 0
|l Remote Storage
|